000 00320nam a22001337a 4500
008 180918b xxu||||| |||| 00| 0 eng d
041 _aeng
080 _a61
082 _a61
100 _a3
101 _aSHM
245 _aHealth current issues and the care public policy debate delivery
_cKaufman,R
942 _2udc
_cBK
999 _c47877
_d47877